ЭЛЕМЕНТАРНАЯ физика. Ч. 3 (Запись № 6509448)

Подробности
000 -МАРКЕР
контрольное поле 01196nam2a22002411 4500
001 - ИДЕНТИФИКАТОР ЗАПИСИ
контрольное поле rc\212458
005 - ИДЕНТИФИКАТОР ВЕРСИИ
контрольное поле 20250621062641.0
010 ## - МЕЖДУНАРОДНЫЙ СТАНДАРТНЫЙ НОМЕР КНИГИ (ISBN)
Номер (ISBN) 5-230-03704-0
035 ## - ДРУГИЕ СИСТЕМНЫЕ НОМЕРА
Идентификатор записи (NLR Aleph) 005622805
100 ## - ДАННЫЕ ОБЩЕЙ ОБРАБОТКИ
Данные общей обработки 20030307d1997 |||y0rusy50 ca
101 0# - ЯЗЫК РЕСУРСА
Язык текста, звукозаписи и т.д. русский
102 ## - СТРАНА ПУБЛИКАЦИИ ИЛИ ПРОИЗВОДСТВА
Страна публикации Российская Федерация
105 ## - ПОЛЕ КОДИРОВАННЫХ ДАННЫХ: ТЕКСТОВЫЕ МАТЕРИАЛЫ, МОНОГРАФИЧЕСКИЕ
Кодированные данные о монографическом текстовом документе a |||||||||
200 0# - ЗАГЛАВИЕ И СВЕДЕНИЯ ОБ ОТВЕТСТВЕННОСТИ
Основное заглавие Ч. 3
210 ## - ПУБЛИКАЦИЯ, РАСПРОСТРАНЕНИЕ И ДР.
Дата издания, распространения и т.д. 1997
Место издания, распространения и т.д. Б. м.
215 ## - ФИЗИЧЕСКАЯ ХАРАКТЕРИСТИКА
Специфическое обозначение материала и объем 40 с.
Другие сведения о физической характеристике ил.
461 #0 - УРОВЕНЬ НАБОРА
Встроенное поле 001rc\212457
-- 2001#$aЭЛЕМЕНТАРНАЯ физика$eУчеб. пособие$e[Для студентов-иностранцев подгот. фак.]$fГ.Л. Дахина, Л.М. Устинова, Г.С. Азад, В.В. Шалыгин$gМ-во общ. и проф. образования Рос. Федерации. Волгогр. гос. техн. ун-т$vЧ. 3
Системный номер (АБИС) связанной записи 6509441
Место публикации Волгоград
Дата публикации 1997
Первые сведения об ответственности Г.Л. Дахина, Л.М. Устинова, Г.С. Азад, В.В. Шалыгин
Имя издателя, распространителя и т.д. ВолгГТУ
Сведения, относящиеся к заглавию Учеб. пособие : [Для студентов-иностранцев подгот. фак.]
Заглавие ЭЛЕМЕНТАРНАЯ физика
Номер тома Ч. 3
801 #0 - ИСТОЧНИК ЗАПИСИ
Страна Российская Федерация
Организация NLR
Правила каталогизации psbo
801 #1 - ИСТОЧНИК ЗАПИСИ
Страна Российская Федерация
Организация ELAR
Источник данных rusmarc
852 ## - МЕСТОНАХОЖДЕНИЕ И ШИФР ХРАНЕНИЯ
Идентификатор организации NLR
Шифр хранения (Call Number) 98-4/13093
942 ## - ДОПОЛНИТЕЛЬНЫЕ ЭЛЕМЕНТЫ ЗАПИСИ (АБИС)
Тип экземпляра АБИС Книга
980 ## - КОЛЛЕКЦИЯ
Название коллекции Национальная библиография
Экземпляры
Тип экземпляра Дата поступления Библиотека постоянного хранения Библиотека текущего хранения Место хранения Шифр хранения Штрих-код Статус экземпляра
Книга 26.10.2013 РНБ (Московский) РНБ (Московский) Русский книжный фонд: издания с 1957 года 98-4/13093 5622805-10